Danh lục các loài thực vật Việt Nam; T2
Сохранить в:
| Главный автор: | |
|---|---|
| Формат: | |
| Язык: | Undetermined |
| Опубликовано: |
H.
Nông Nghiệp
2003
|
| Предметы: | |
| Метки: |
Добавить метку
Нет меток, Требуется 1-ая метка записи!
|
| Thư viện lưu trữ: | Trung tâm Học liệu Trường Đại học Cần Thơ |
|---|
| LEADER | 00588nam a2200217Ia 4500 | ||
|---|---|---|---|
| 001 | CTU_58582 | ||
| 008 | 210402s9999 xx 000 0 und d | ||
| 020 | |b 180000 | ||
| 082 | |a 580.216 | ||
| 082 | |b Đ103/T2 | ||
| 100 | |a ĐHQG Hà Nội | ||
| 245 | 0 | |a Danh lục các loài thực vật Việt Nam; T2 | |
| 245 | 0 | |c ĐHQG Hà Nội | |
| 260 | |a H. | ||
| 260 | |b Nông Nghiệp | ||
| 260 | |c 2003 | ||
| 650 | |a botany classification | ||
| 650 | |x classification | ||
| 650 | |z vietnam | ||
| 904 | |i Minh | ||
| 980 | |a Trung tâm Học liệu Trường Đại học Cần Thơ | ||